Normal view MARC view

Entry Personal Name

Number of records used in: 1

001 - CONTROL NUMBER

  • control field: 10538

003 - CONTROL NUMBER IDENTIFIER

  • control field: DLC

005 - DATE AND TIME OF LATEST TRANSACTION

  • control field: 20250524154358.0

008 - FIXED-LENGTH DATA ELEMENTS

  • fixed length control field: 090601n| azannaabn |a aaa

010 ## - LIBRARY OF CONGRESS CONTROL NUMBER

  • LC control number: n 2009210311

035 ## - SYSTEM CONTROL NUMBER

  • System control number: (OCoLC)oca08127440

040 ## - CATALOGING SOURCE

  • Original cataloging agency: DLC
  • Language of cataloging: eng
  • Transcribing agency: DLC
  • Description conventions: rda
  • Modifying agency: MdRoLAC

100 1# - HEADING--PERSONAL NAME

  • Personal name: Gupta, Seema

400 0# - SEE FROM TRACING--PERSONAL NAME

  • Personal name: Seema Gupta

670 ## - SOURCE DATA FOUND

  • Source citation: Gupta, Seema. Impact of ambush marketing on sponsor identification, 2007:
  • Information found: t.p. (Dr. Seema Gupta; faculty, Indian Inst. of Mgt., Bangalore)

Powered by Koha